Finish the Famous Joke Quiz Stats

Quiz Updated Sep 11, 2014

Challenge
Share
Tweet
Embed
Score 0/30 Timer 08:00
7 Plays Today
% Correct
Die
94.4%
Hungry
93.5%
Met
93.4%
Muscles
92.8%
Stupid
92.7%
Run
91.1%
Cooks
91%
Stomach
91%
Disease
90.9%
Kick-boxing
90.4%
Snake
90.1%
Teachers
90%
Guidelines
89.6%
Specific
89%
Matches
89%
% Correct
Conceivable
88.9%
Loser
87.8%
Lisp
86.8%
Ambulances
86.7%
Shot
86.6%
Dairy
86.5%
Grim
86.4%
Farmers
85.5%
Thesaurus
84.6%
Playing
84.5%
Cinnamon
81.8%
Ghetto
81.4%
Always
80.1%
Waiter
79.9%
Letters
72.2%

You're not logged in!

Compare scores with friends on all Sporcle quizzes.
Join for Free
OR
Log In

You Might Also Like...

Show Comments

Extras

Top Quizzes Today


Score Distribution

Your Account Isn't Verified!

In order to create a playlist on Sporcle, you need to verify the email address you used during registration. Go to your Sporcle Settings to finish the process.

Report this User

Report this user for behavior that violates our Community Guidelines.

Details: